Vincitori di Sanremo Sudden death - Statistics

Statistiche generali
  • Questo quiz è stato fatto 230 volte
  • Il punteggio medio è 11 su 18
Answers on the Grid
Answers color-coded by a green-red scale on the quiz's grid according to % correct below.
Domenico Modugno
Gianni Morandi
Orietta Berti
Massimo Ranieri
Iva Zanicchi
Anna Oxa
Tiziano Ferro
Marco Mengoni
Marco Carta
Laura Pausini
Nek
Arisa
Elisa
Giorgia
Pooh
Jalisse
Coma cose
La rappresentante di lista
Angelina Mango
Levante
Diodato
Fedez
Emma
Annalisa
Blanco
Ultimo
Ermal Meta
Simone Cristicchi
Francesca Michielin
Fiorello
 
Statistiche sulle risposte
Risposta % Corretto
Domenico Modugno
77%
Marco Mengoni
77%
Massimo Ranieri
67%
Angelina Mango
65%
Gianni Morandi
64%
Blanco
62%
Arisa
60%
Diodato
60%
Anna Oxa
59%
Giorgia
58%
Elisa
57%
Iva Zanicchi
57%
Ermal Meta
55%
Marco Carta
55%
Jalisse
54%
Emma
48%
Simone Cristicchi
46%
Pooh
44%
Nessun quiz corrispondente trovato
Distribuzione punteggi
Percentuale di utenti per punteggio
Percentile per numero di risposta
I tuoi punteggi nel tempo
Non hai fatto questo quiz